000 00327nam a2200133 i 4500
001 bg
100 1 _aJANUSZAJTIS, Andrzej
245 0 _aFizyka dla politechnik.
_nT. 3,
_pFale /
_cAndrzej Januszajtis.
260 _aWarszawa,
_c1991.
040 _cBPK
041 _apol
942 _cKS
008 s pl f |000 0 pol
999 _c4753
_d4753
856 _uhttp://koha.tu.koszalin.pl/cgi-bin/koha/opac-detail.pl?biblionumber=4753
_yKatalog online BPK